| 000 | 00722nam a2200205Ii 4500 | ||
|---|---|---|---|
| 003 | JO-AjNU | ||
| 008 | 230605s9999||||xx |||||||||||||| ||und|| | ||
| 040 |
_aJO-AjNU _bara _erda _cJO-AjNU |
||
| 041 | _aara | ||
| 050 | 1 | 4 | _aCD2291.A7Q8.1980 |
| 100 | 3 |
_aقبيسي، محمد, _eauthor _910454 |
|
| 245 | 0 | 0 | _aعلم التوثيق والخفظ في الوطن العربي: كتاب يعالج دور الوثيقة في الوطن العربي |
| 250 | _aط1 | ||
| 264 | 3 | 1 | _aبيروت: دار الافاق الجديدة، 1980 |
| 300 | _a125ص | ||
| 336 |
_atext _btxt _2rdacontent |
||
| 337 |
_aunmediated _bn _2rdamedia |
||
| 338 |
_avolume _bnc _2rdacarrier |
||
| 650 | 4 |
_aالوطن العربي-وثائق _910455 |
|
| 999 |
_aA1814 _c5382 _d5382 |
||